• 首页
  • 本馆介绍
  • 公告通知
  • 最新文献
  • 馆藏检索
  • 电子资源
  • 读者导购
  • 参考咨询
  • 我的图书馆
  • 登录
  • 详细信息显示
  • 放入我的书架
  • 预约/预借图书
  • 作者相关作品
  • 分类相关作品
  • 丛书相关作品
  • 出版社相关作品

书目信息

  • 表格格式
  • 工作单格式
  • 卡片格式
题名:
外国名作家传
    
 
作者: 张英伦 , 吕同六 , 钱善行 , 胡湛珍 主编
分册: 下册  
出版信息: 北京   中国社会科学出版社  1980.12
页数: 690页
开本: 20cm
丛书名:
单 册:
中图分类: K811.6
科图分类:
主题词: 人物--传记--世界
电子资源:
ISBN:
000 00713nam0 2200253 45
001 0211251409
005 20031219104115.2
010    @dCNY1.60
091    @a11190.059
100    @a20021125d1980 km y0chiy0120 ea
101 0  @achi
105    @ac z 000yc
200 1  @a外国名作家传@h下册@AWai Guo Ming Zuo Jia Chuan@f张英伦等主编@FZhang Ying Lun Deng Zhu Bian
210    @a北京@c中国社会科学出版社@d1980.12
215    @a690页@d20cm@c插图:画像
300    @a附录:全书作家条目索引
606 0  @a人物@x传记@x世界
690    @aK811.6@v3
701  0 @a张英伦@4主编
701  0 @a吕同六@4主编
701  0 @a钱善行@4主编
701  0 @a胡湛珍@4主编
801    @aCN@bTSTC@c20030924
905    @dK811.6@e6:3@f1@b42861
    
    外国名作家传.下册/张英伦等主编.-北京:中国社会科学出版社,1980.12
    690页;20cm:插图:画像
    附录:全书作家条目索引
    
    ISBN :CNY1.60
    
●
相关链接 在E读中查询图书 在五车中查询图书 在当当中查询图书 在豆瓣中查询图书


正题名:外国名作家传     索取号:K811.6/6:3         预约/预借

序号 登录号 条形码 馆藏地/架位号 状态 备注
1 0042860   202087179   第二样本阅览室/ [索取号:K811.6/6:3] 在馆    
2 0042861   001838943   密集书库/ [索取号:K811.6/6:3] 在馆    
3 0042863   001839229   密集书库/ [索取号:K811.6/6:3] 在馆    
唐山师范学院图书馆 欢迎您!
大连网信软件有限公司© 版权所有